| 000 | 00649cam a2200205 4500 | ||
|---|---|---|---|
| 001 | 4632906 | ||
| 003 | ARRUPE | ||
| 005 | 20160128144119.0 | ||
| 008 | 710329r19701925rh ac 000 0beng | ||
| 010 | _a 78271452 | ||
| 040 |
_aDLC _cDLC _dDLC |
||
| 050 | 0 | 0 |
_aDT776.R4 _bS8 1970 |
| 100 | 1 |
_aStent, Vere, _d1872-1940. _921904 |
|
| 245 | 1 | 2 |
_aA personal record of some incidents in the life of Cecil Rhodes. _cVere Stent |
| 260 |
_aBulawayo, _bMaskew Miller, LTD., _c1924. |
||
| 300 |
_axv, 98 p. _billus., ports. _c20 cm. |
||
| 600 | 1 | 0 |
_aRhodes, Cecil, _d1853-1902. _921905 |
| 906 |
_a7 _bcbc _corignew _d4 _encip _f19 _gy-gencatlg |
||
| 942 |
_2lcc _cSPC |
||
| 999 |
_c124072 _d124072 |
||